000 00989nam a2200289 i 4500
001 000029387
003 DO-SdBNP
005 20250630135015.0
007 ta
008 110415s2008 gw a 000 0 spa d
040 _aDO-SdBNP
_bspa
_cBNPHU
_erda
041 _aspa
082 4 _aRD861.5
_bM843m
_222
100 1 _aMoreno García, Bárbara,
_d1964-
_eautor
_4aut.
_919533
245 1 0 _aMo sai cos líricos /
_cBárbara Moreno García ; prólogo, Bruno Rosario Candelier.
264 4 _aSanto Domingo, República Dominicana :
_bEditor no identificado,
_c©2008.
300 _a122 páginas :
_bilustraciones ;
_c19 cm.
336 _atexto
_btxt
_2rdacontent
337 _asin mediación
_bn
_2rdamedia
338 _avolumen
_bnc
_2rdacarrier
590 _aInventariado, 2022/MFF
650 4 _aPoesía dominicana
650 4 _aLiteratura dominicana
700 1 _aRosario Candelier, Bruno,
_d1941-
_eprologuista
_9851
_4pr.
910 _aValidado. Control de calidad MFF
942 _2ddc
_cLBS1
999 _c28879
_d28879